| 000 | 00424nam a2200157Ia 4500 | ||
|---|---|---|---|
| 008 | 230312s9999||||xx |||||||||||||| ||und|| | ||
| 020 | _a0-324-22506-7 | ||
| 082 |
_a338.5 _bMCG-M |
||
| 100 | _aMcGuigan James, R. | ||
| 245 | 0 | _aManagerial Economics | |
| 260 |
_bThomson _aAustralia _c2005 |
||
| 300 | _a869 | ||
| 546 | _aEng. | ||
| 650 |
_aEconomics _vIntroduction, Demand and Forecasting , Production and Cost |
||
| 942 | _cBK | ||
| 999 |
_c4495 _d4495 |
||